=LDR 00000nam 2200000 4500 =001 INLIS000000000014718 =005 20130612110009 =008 ***********************************Ind** =035 ##$$0010-061300000014718 =041 ##$$a Ind =082 ##$$a 600 =090 ##$$a 600, New J =100 ##$$a Newmark, Ann =245 ##$$a Jendela Iptek 7, Kimia, Ann Newmark =260 ##$$a 2000 $b Jakarta =300 ##$$a 64, hlm, Ilus, 30 cm =650 ##$$a Tehnologi Sains =850 ##$$a NBPNMAT